000 00329nam a2200121Ia 4500
008 241015s9999 xx 000 0 und d
041 _aeng
082 _a332.1 FLE
100 _aAmeila Fletcher
245 _aFinancial Systems, Banking And Monetary Policy
260 _bClanrye International
_aUSA
_c2023
300 _a243;. P. 25 Cm
999 _c41584
_d41584